<?xml version="1.0" encoding="UTF-8"?>
<record
    xmlns:xsi="http://www.w3.org/2001/XMLSchema-instance"
    xsi:schemaLocation="http://www.loc.gov/MARC21/slim http://www.loc.gov/standards/marcxml/schema/MARC21slim.xsd"
    xmlns="http://www.loc.gov/MARC21/slim">

  <leader>01392nam a2200289 a 4500</leader>
  <controlfield tag="001">40075</controlfield>
  <controlfield tag="003">BD-RjUL</controlfield>
  <controlfield tag="005">20211209053130.0</controlfield>
  <controlfield tag="008">160421s1993    bg ||||| |||| 00| 0 ben d</controlfield>
  <datafield tag="020" ind1=" " ind2=" ">
    <subfield code="a">9840600893 </subfield>
    <subfield code="c">: TK 210.00 </subfield>
  </datafield>
  <datafield tag="020" ind1=" " ind2=" ">
    <subfield code="a">9840600257 (V-2)</subfield>
    <subfield code="c">: Tk. 175.00</subfield>
  </datafield>
  <datafield tag="020" ind1=" " ind2=" ">
    <subfield code="a">9840600648 (V-3)</subfield>
    <subfield code="c">: TK 180.00 </subfield>
  </datafield>
  <datafield tag="020" ind1=" " ind2=" ">
    <subfield code="a">9840610512 (V-6)</subfield>
    <subfield code="c">: TK 160.00 </subfield>
  </datafield>
  <datafield tag="020" ind1=" " ind2=" ">
    <subfield code="a">9840601059 (V-1)</subfield>
    <subfield code="c">: TK 210.00 </subfield>
  </datafield>
  <datafield tag="035" ind1=" " ind2=" ">
    <subfield code="a">(BD-RjUL)40190</subfield>
  </datafield>
  <datafield tag="040" ind1=" " ind2=" ">
    <subfield code="a">BD-RjUL</subfield>
    <subfield code="b">ben </subfield>
    <subfield code="c">BD-RjUL</subfield>
    <subfield code="d">BD-RjUL</subfield>
  </datafield>
  <datafield tag="041" ind1=" " ind2=" ">
    <subfield code="a">ben </subfield>
  </datafield>
  <datafield tag="082" ind1=" " ind2=" ">
    <subfield code="2">23 </subfield>
    <subfield code="a">297.1227 </subfield>
    <subfield code="b">RAT 1993 </subfield>
  </datafield>
  <datafield tag="100" ind1=" " ind2=" ">
    <subfield code="a">&#x9B0;&#x9B9;&#x9AE;&#x9BE;&#x9A4;&#x9C1;&#x9B2;&#x9CD;&#x9B2;&#x9BE;&#x9B9;&#x9BF;&#x986;&#x9B2;&#x9BE;&#x9AF;&#x9BC;&#x9B9;&#x9BF;, &#x986;&#x9AC;&#x9C2; &#x99C;&#x9BE;'&#x9AB;&#x9B0; &#x9AE;&#x9C1;&#x9B9;&#x9BE;&#x9AE;&#x9CD;&#x9AE;&#x9A6; &#x987;&#x9AC;&#x9A8; &#x99C;&#x9BE;&#x9B0;&#x9C0;&#x9B0; &#x9A4;&#x9BE;&#x9AC;&#x9BE;&#x9B0;&#x9C0; </subfield>
    <subfield code="9">123404</subfield>
  </datafield>
  <datafield tag="245" ind1="1" ind2="0">
    <subfield code="a">&#x9A4;&#x9BE;&#x9AB;&#x9B8;&#x9C0;&#x9B0;&#x9C7; &#x9A4;&#x9BE;&#x9AC;&#x9BE;&#x9B0;&#x9C0; &#x9B6;&#x9B0;&#x9C0;&#x9AB; /</subfield>
    <subfield code="c"> &#x986;&#x9AC;&#x9C2; &#x99C;&#x9BE;'&#x9AB;&#x9B0; &#x9AE;&#x9C1;&#x9B9;&#x9BE;&#x9AE;&#x9CD;&#x9AE;&#x9A6; &#x987;&#x9AC;&#x9A8; &#x99C;&#x9BE;&#x9B0;&#x9C0;&#x9B0; &#x9A4;&#x9BE;&#x9AC;&#x9BE;&#x9B0;&#x9C0; &#x9B0;&#x9B9;&#x9AE;&#x9BE;&#x9A4;&#x9C1;&#x9B2;&#x9CD;&#x9B2;&#x9BE;&#x9B9;&#x9BF;&#x986;&#x9B2;&#x9BE;&#x9AF;&#x9BC;&#x9B9;&#x9BF;</subfield>
  </datafield>
  <datafield tag="260" ind1=" " ind2=" ">
    <subfield code="a">&#x9A2;&#x9BE;&#x995;&#x9BE; :</subfield>
    <subfield code="b">&#x987;&#x9B8;&#x9B2;&#x9BE;&#x9AE;&#x9BF;&#x995; &#x9AB;&#x9BE;&#x989;&#x9A8;&#x9CD;&#x9A1;&#x9C7;&#x9B6;&#x9A8;,</subfield>
    <subfield code="c">&#x9E7;&#x9EF;&#x9EF;&#x9E7;, &#x9E7;&#x9EF;&#x9EF;&#x9E8;, &#x9E7;&#x9EF;&#x9EF;&#x9E9;, &#x9E7;&#x9EF;&#x9EF;&#x9EA;, &#x9E7;&#x9EF;&#x9EF;&#x9EC; </subfield>
  </datafield>
  <datafield tag="300" ind1=" " ind2=" ">
    <subfield code="a">&#x996;&#x9A3;&#x9CD;&#x9A1; ; </subfield>
    <subfield code="c">&#x9E8;&#x9E8; &#x9B8;&#x9C7;&#x9AE;&#x9BF; </subfield>
  </datafield>
  <datafield tag="505" ind1=" " ind2=" ">
    <subfield code="a">&#x996;&#x9A3;&#x9CD;&#x9A1; &#x9E7; --  &#x996;&#x9A3;&#x9CD;&#x9A1; &#x9E8; -- &#x996;&#x9A3;&#x9CD;&#x9A1; &#x9E9; -- &#x996;&#x9A3;&#x9CD;&#x9A1; &#x9EA; -- &#x996;&#x9A3;&#x9CD;&#x9A1; &#x9EB; -- &#x996;&#x9A3;&#x9CD;&#x9A1; &#x9EC; -- </subfield>
  </datafield>
  <datafield tag="650" ind1=" " ind2=" ">
    <subfield code="a">&#x995;&#x9CB;&#x9B0;&#x986;&#x9A8;</subfield>
    <subfield code="9">119427</subfield>
  </datafield>
  <datafield tag="650" ind1=" " ind2=" ">
    <subfield code="a">Quran </subfield>
    <subfield code="9">119428</subfield>
  </datafield>
  <datafield tag="942" ind1=" " ind2=" ">
    <subfield code="2">ddc</subfield>
    <subfield code="c">BK</subfield>
  </datafield>
  <datafield tag="999" ind1=" " ind2=" ">
    <subfield code="c">40075</subfield>
    <subfield code="d">40075</subfield>
  </datafield>
  <datafield tag="952" ind1=" " ind2=" ">
    <subfield code="0">0</subfield>
    <subfield code="1">0</subfield>
    <subfield code="2">ddc</subfield>
    <subfield code="4">0</subfield>
    <subfield code="7">1</subfield>
    <subfield code="8">NFIC</subfield>
    <subfield code="a">RUCL</subfield>
    <subfield code="b">RUCL</subfield>
    <subfield code="c">Reading</subfield>
    <subfield code="d">1996-01-31</subfield>
    <subfield code="e">Islamic Foundation Bangladesh</subfield>
    <subfield code="g">210.00</subfield>
    <subfield code="l">0</subfield>
    <subfield code="o">B 297.1227  RAT V-4 1993</subfield>
    <subfield code="r">2016-04-21 00:00:00</subfield>
    <subfield code="t">C-1</subfield>
    <subfield code="w">2016-04-21</subfield>
    <subfield code="y">BK</subfield>
  </datafield>
  <datafield tag="952" ind1=" " ind2=" ">
    <subfield code="0">0</subfield>
    <subfield code="1">0</subfield>
    <subfield code="2">ddc</subfield>
    <subfield code="4">0</subfield>
    <subfield code="7">1</subfield>
    <subfield code="8">NFIC</subfield>
    <subfield code="a">RUCL</subfield>
    <subfield code="b">RUCL</subfield>
    <subfield code="c">Reading</subfield>
    <subfield code="d">1996-03-04</subfield>
    <subfield code="e">Islamic foundation</subfield>
    <subfield code="g">160.00</subfield>
    <subfield code="l">0</subfield>
    <subfield code="o">B 297.1227  RAT V-5 1996</subfield>
    <subfield code="r">2016-12-04 00:00:00</subfield>
    <subfield code="t">C-1</subfield>
    <subfield code="w">2016-12-04</subfield>
    <subfield code="y">BK</subfield>
  </datafield>
  <datafield tag="952" ind1=" " ind2=" ">
    <subfield code="0">0</subfield>
    <subfield code="1">0</subfield>
    <subfield code="2">ddc</subfield>
    <subfield code="4">0</subfield>
    <subfield code="7">1</subfield>
    <subfield code="8">NFIC</subfield>
    <subfield code="a">RUCL</subfield>
    <subfield code="b">RUCL</subfield>
    <subfield code="c">Reading</subfield>
    <subfield code="d">1996-03-04</subfield>
    <subfield code="e">Islamic foundation</subfield>
    <subfield code="g">100.00</subfield>
    <subfield code="l">0</subfield>
    <subfield code="o">B 297.1227  RAT V-3 1992</subfield>
    <subfield code="r">2016-12-04 00:00:00</subfield>
    <subfield code="t">C-1</subfield>
    <subfield code="w">2021-12-09</subfield>
    <subfield code="y">BK</subfield>
  </datafield>
  <datafield tag="952" ind1=" " ind2=" ">
    <subfield code="0">0</subfield>
    <subfield code="1">0</subfield>
    <subfield code="2">ddc</subfield>
    <subfield code="4">0</subfield>
    <subfield code="7">1</subfield>
    <subfield code="8">NFIC</subfield>
    <subfield code="a">RUCL</subfield>
    <subfield code="b">RUCL</subfield>
    <subfield code="c">Reading</subfield>
    <subfield code="d">1996-03-04</subfield>
    <subfield code="e">Islamic foundation</subfield>
    <subfield code="g">100.00</subfield>
    <subfield code="l">0</subfield>
    <subfield code="o">B 297.1227  RAT V-6 1994</subfield>
    <subfield code="r">2016-12-04 00:00:00</subfield>
    <subfield code="t">C-1</subfield>
    <subfield code="w">2021-12-09</subfield>
    <subfield code="y">BK</subfield>
  </datafield>
  <datafield tag="952" ind1=" " ind2=" ">
    <subfield code="0">0</subfield>
    <subfield code="1">0</subfield>
    <subfield code="2">ddc</subfield>
    <subfield code="4">0</subfield>
    <subfield code="7">1</subfield>
    <subfield code="8">NFIC</subfield>
    <subfield code="a">RUCL</subfield>
    <subfield code="b">RUCL</subfield>
    <subfield code="c">Reading</subfield>
    <subfield code="d">1996-03-04</subfield>
    <subfield code="e">Islamic foundation</subfield>
    <subfield code="g">210.00</subfield>
    <subfield code="l">0</subfield>
    <subfield code="o">B 297.1227  RAT V-1 1993</subfield>
    <subfield code="r">2016-12-04 00:00:00</subfield>
    <subfield code="t">C-1</subfield>
    <subfield code="w">2016-12-04</subfield>
    <subfield code="y">BK</subfield>
  </datafield>
  <datafield tag="952" ind1=" " ind2=" ">
    <subfield code="0">0</subfield>
    <subfield code="1">0</subfield>
    <subfield code="2">ddc</subfield>
    <subfield code="4">0</subfield>
    <subfield code="7">1</subfield>
    <subfield code="8">NFIC</subfield>
    <subfield code="a">RUCL</subfield>
    <subfield code="b">RUCL</subfield>
    <subfield code="c">Reading</subfield>
    <subfield code="d">1996-03-04</subfield>
    <subfield code="e">Rajshahi Islamic Foundation</subfield>
    <subfield code="g">210.00</subfield>
    <subfield code="l">0</subfield>
    <subfield code="o">B 297.1227  RAT V-2 1991</subfield>
    <subfield code="r">2018-10-27 00:00:00</subfield>
    <subfield code="t">C-1</subfield>
    <subfield code="w">2018-10-27</subfield>
    <subfield code="y">BK</subfield>
  </datafield>
</record>
